Sports Quiz

Random Sports Quiz
Score 0/24 Timer 08:00
0 Plays Today
% Correct
Eli Manning
100%
Ahmad Bradshaw
93.8%
Hakeem Nicks
91.3%
Steve Smith
88.1%
Justin Tuck
86.3%
Kevin Boss
83.8%
Shaun O'Hara
77.5%
Chris Snee
77.5%
Osi Umenyiora
74.4%
David Diehl
73.1%
Antrel Rolle
70%
Kenny Phillips
69.4%
% Correct
Corey Webster
67.5%
Kareem McKenzie
66.9%
Madison Hedgecock
63.1%
Rich Seubert
58.8%
Terrel Thomas
54.4%
Lawrence Tynes
54.4%
Chris Canty
53.8%
Michael Boley
52.5%
Matt Dodge
51.9%
Barry Cofield
49.4%
Jonathan Goff
46.9%
Clint Sintim
22.5%
Remove Ads.
Support Sporcle.
Get the best of Sporcle when you Go Orange. This ad-free experience offers more features, more stats, and more fun while also helping to support Sporcle. Thank you for becoming a member.

You're not logged in!

Compare scores with friends on all Sporcle quizzes.
OR
Log In

Show Comments

Extras

Top Quizzes Today


Score Distribution

Your Account Isn't Verified!

In order to create a playlist on Sporcle, you need to verify the email address you used during registration. Go to your Sporcle Settings to finish the process.

Report this User

Report this user for behavior that violates our Community Guidelines.

Details: